000 00453nam a2200121Ia 4500
008 160712s9999 xx 000 0 und d
100 _aSotocinal, Noli R.
245 _cNoli R. Sotocinal
_aRegime Switching in Inflation Targeting Under Conditions of Public Debt in the Philippines
260 _c2015
_bPhilippine Management Review
300 _avol. 22
650 _xMANAGEMENT
856 _uhttp://journals.upd.edu.ph/index.php/pmr/issue/view/476/showToc
999 _c297086
_d297086